| 000 | 01578nam a2200385Ia 4500 | ||
|---|---|---|---|
| 001 | ebr10103909 | ||
| 003 | CaPaEBR | ||
| 006 | m u | ||
| 007 | cr cn||||||||| | ||
| 008 | 050923s2005 pau sb 001 0 eng d | ||
| 010 | _z 2005053672 | ||
| 020 | _z9027227071 (hb. : alk. paper) | ||
| 040 |
_aCaPaEBR _cCaPaEBR |
||
| 035 | _a(OCoLC)191952753 | ||
| 050 | 1 | 4 |
_aP302.77 _b.M36 2005eb |
| 082 | 0 | 4 |
_a401/.41 _222 |
| 245 | 0 | 0 |
_aManipulation and ideologies in the twentieth century _h[electronic resource] : _bdiscourse, language, mind / _cedited by Louis de Saussure, Peter Schulz. |
| 260 |
_aPhiladelphia : _bJ. Benjamins Pub. Co., _c2005. |
||
| 300 | _axvi, 312 p. | ||
| 490 | 1 |
_aDiscourse approaches to politics, society, and culture, _x1569-9463 ; _vv. 17 |
|
| 504 | _aIncludes bibliographical references and index. | ||
| 533 |
_aElectronic reproduction. _bPalo Alto, Calif. : _cebrary, _d2011. _nAvailable via World Wide Web. _nAccess may be limited to ebrary affiliated libraries. |
||
| 650 | 0 |
_aDiscourse analysis _xPolitical aspects. |
|
| 650 | 0 | _aPragmatics. | |
| 650 | 0 | _aPsycholinguistics. | |
| 650 | 0 | _aThought and thinking. | |
| 650 | 0 | _aIdeology. | |
| 650 | 0 | _aManipulative behavior. | |
| 655 | 7 |
_aElectronic books. _2local |
|
| 700 | 1 | _aSaussure, Louis de. | |
| 700 | 1 |
_aSchulz, Peter, _d1958- |
|
| 710 | 2 | _aebrary, Inc. | |
| 830 | 0 |
_aDiscourse approaches to politics, society, and culture ; _vv. 17. |
|
| 856 | 4 | 0 |
_uhttp://site.ebrary.com/lib/rucke/Doc?id=10103909 _zAn electronic book accessible through the World Wide Web; click to view |
| 999 |
_c206519 _d206519 |
||